000 00723nas a2200253 i 4500
001 184
003 ES-MaACL
005 20250814062531.0
007 t|
008 950801c1905 sz | | 1 ||re d
022 _a0259-6563
080 _a1
245 0 0 _aAnnales de la Société Jean-Jacques Rousseau.
260 _aGenève :
_bA. Jullien,
_c1905- (
_eLausanne Pache :
_fVaridel and Bron)
300 _a9 v. ;
_c22 cm.
310 _aAnual
362 1 _aT. I (1905)-
650 4 _aInstituciones científicas y diversas
_913829
650 1 7 _aFilosofía
_2embne
_912802
710 2 _aSociété Jean Jacques Rousseau (
_cGinebra)
_96860
852 _aES-MaACL
_jC-20005-13
866 0 _o1905-1913.
999 _c184
_d184